000 01434nam a2200313 c 4500
999 _c206314
_d206314
003 BLK
005 20240117114437.0
008 180411b bul|||||r ||||||| ||bul||
010 _aKNG00216063000
040 _aBLK
041 _aBUL
_cBUL
080 _aМаслодайни растения - Мак, маслен лен, слънчоглед, рапица, сусам и др.
_b633.85
_z633.85
100 1 _aСтоянова, Йорданка
_eпърви автор
_9272188
139 _aСтоянова, Йорданка
_bС 83
245 1 0 _aСлънчогледът в България
_bМоногр.
_cЙорданка Стоянова; отг. ред. Павел Попов.
257 _aBGR
260 _bБАН
_c1977
_aСофия
300 _a228 с.
_bс табл.
_c21 см
380 _a63
500 _aДруги авт. : Б. Симеонов, Г. Събев, Д. Петров, Ив. Георгиев, Ив. Димитров, Й. Георгиева-Тодорова, Л. Рангелов, М. Петрова, П. Иванов, П. Палазов, Хр. Контев
700 1 _aПопов, Павел
_eотг. ред.
_9371136
852 _aЦб 85303
856 4 _qpdf
_i0.00
_ldisable
856 4 _qpdf
_i0.00
_ldisable
942 _cKNG
_n0
_03
_s1
944 _aCR
_c13.02.2018
_k30576
_lЦветомила Тодорова
944 _aED
_c13.02.2018
_kХристина_Везирева
999 _d206314